10 Largest Cities in Thailand - Statistics

General Stats
  • This quiz has been taken 224 times
  • The average score is 4 of 10
Answer Stats
Population City % Correct
14,565,547 Bangkok
99%
174,235 Chiang Mai
79%
174,332 Nakhon Ratchasima
40%
129,581 Khon Kaen
32%
270,609 Nonthaburi
32%
157,467 Hat Yai
31%
105,081 Ubon Ratchathani
27%
155,339 Udon Thani
26%
152,881 Pak Kret
6%
109,983 Chaopraya Surasak
2%
No matching quizzes found
Score Distribution
Percent of People with Each Score
Percentile by Number Answered
Your Score History
You have not taken this quiz